[Event "XLVI Festival A"]
[Site "Imperia ITA"]
[Date "2004.09.07"]
[Round "3"]
[White "Raineri, Valerio"]
[Black "Seigert, Frank"]
[WhiteElo "2197"]
[BlackElo "2043"]
[Result "1-0"]
[PlyCount "53"]
[EventDate "2004.09.05"]

1. e4 e6 2. Qe2 c5 3. f4 Nc6 4. Nf3 d6 5. g3 e5 6. d3 Bg4 7. c3 Qd7 8. Na3 Be7
9. h3 Bxf3 10. Qxf3 O-O-O 11. Bg2 Kb8 12. Be3 Nf6 13. Nc4 Qc7 14. O-O Ka8 15.
a4 Na5 16. Nxa5 Qxa5 17. d4 c4 18. Rfb1 d5 19. exd5 Nxd5 20. fxe5 Qc7 21. Bd2
f6 22. e6 Rhe8 23. b3 Bf8 24. bxc4 Qxc4 25. Rb5 Rxe6 26. Rxd5 Kb8 27. Bf4+ 1-0

[Event "XLVI Festival A"]
[Site "Imperia ITA"]
[Date "2004.09.07"]
[Round "3"]
[White "Sarmir, Milos"]
[Black "Svacina, Petr"]
[WhiteElo "2153"]
[BlackElo "2046"]
[Result "1-0"]
[PlyCount "49"]
[EventDate "2004.09.05"]

1. e4 e5 2. Nf3 Nc6 3. Bb5 Nd4 4. Nxd4 exd4 5. O-O c6 6. Bc4 Nf6 7. e5 d5 8.
exd6 Bxd6 9. Re1+ Kf8 10. d3 Qc7 11. h3 h6 12. Nd2 b6 13. Ne4 Be5 14. Nxf6 Bxf6
15. Qh5 Bb7 16. Bf4 Qd7 17. Bd6+ Kg8 18. Re7 Bxe7 19. Qxf7+ Kh7 20. Bxe7 Rae8
21. Re1 c5 22. Re6 Bc6 23. Rxh6+ Kxh6 24. Qf4+ g5 25. Bxg5+ 1-0

[Event "XLVI Festival A"]
[Site "Imperia ITA"]
[Date "2004.09.07"]
[Round "3"]
[White "Schwanengel, Ulrich"]
[Black "Giordani, Marco"]
[WhiteElo "2074"]
[BlackElo "2156"]
[Result "1/2-1/2"]
[PlyCount "76"]
[EventDate "2004.09.05"]

1. e4 e6 2. d4 d5 3. Nc3 Nf6 4. Bg5 Bb4 5. e5 h6 6. exf6 hxg5 7. fxg7 Rg8 8.
Qh5 Qf6 9. Qh7 Qxg7 10. Qxg7 Rxg7 11. O-O-O Nc6 12. h4 gxh4 13. Rxh4 Bd7 14. a3
Bf8 15. Nf3 O-O-O 16. g3 Be7 17. Rh1 Bf6 18. Rh6 Rg6 19. Rxg6 fxg6 20. Bh3 Rf8
21. Ne2 g5 22. Bg4 Rh8 23. Neg1 Ne7 24. c3 Nf5 25. Re1 Rh1 26. Kd2 Nd6 27. Ne5
Bxe5 28. dxe5 Nc4+ 29. Kc2 Kd8 30. a4 Ke7 31. b3 Nxe5 32. Rxe5 Rxg1 33. Rxg5
Kf6 34. Rg8 Kf7 35. Rh8 Rg2 36. Rh7+ Ke8 37. Bh5+ Kd8 38. Rf7 Rh2 1/2-1/2

[Event "XLVI Festival A"]
[Site "Imperia ITA"]
[Date "2004.09.07"]
[Round "3"]
[White "Unterfrauner, Albert"]
[Black "Cirabisi, Federico"]
[WhiteElo "2167"]
[BlackElo "2106"]
[Result "0-1"]
[PlyCount "58"]
[EventDate "2004.09.05"]

1. Nf3 d5 2. d4 e6 3. g3 Bd6 4. Bg2 Nd7 5. O-O f5 6. c4 c6 7. Qd3 Ngf6 8. Ng5
Nf8 9. f3 Ng6 10. e4 h6 11. Nxe6 Bxe6 12. exf5 dxc4 13. Qe2 Nf8 14. fxe6 Qb6
15. Qxc4 O-O-O 16. Kh1 Be7 17. Rd1 h5 18. h4 g5 19. Bxg5 N8h7 20. Nc3 Nxg5 21.
hxg5 h4 22. Na4 Qc7 23. g4 h3 24. Bf1 Nd5 25. Qe2 Qg3 26. Rd2 Rdf8 27. g6 Rxf3
28. Rd3 Ne3 29. Qh2 Nxf1 0-1

[Event "XLVI Festival A"]
[Site "Imperia ITA"]
[Date "2004.09.08"]
[Round "4"]
[White "Astengo, Marcello"]
[Black "Malano, Francesco"]
[WhiteElo "2056"]
[BlackElo "2068"]
[Result "1-0"]
[PlyCount "83"]
[EventDate "2004.09.05"]

1. d4 c5 2. Nf3 cxd4 3. Nxd4 g6 4. Nd2 Bg7 5. N2f3 d5 6. c3 Nc6 7. Qb3 Nf6 8.
h3 O-O 9. Bf4 Re8 10. e3 Ne4 11. Bh2 e5 12. Nxc6 bxc6 13. Be2 a5 14. O-O a4 15.
Qc2 h5 16. c4 Bf5 17. Bd3 Qf6 18. Rac1 Bxh3 19. cxd5 cxd5 20. Bb5 Rec8 21. Qe2
Bg4 22. Rxc8+ Rxc8 23. Bxa4 Nc5 24. Rc1 Nxa4 25. Rxc8+ Bxc8 26. Qb5 Nb6 27.
Bxe5 Bd7 28. Qb4 Qc6 29. Bxg7 Kxg7 30. Ne5 Qb7 31. Nxd7 Qxd7 32. Qxb6 Qf5 33.
Qd4+ f6 34. a4 g5 35. a5 Qb1+ 36. Kh2 Qe1 37. e4 dxe4 38. a6 Qa5 39. a7 h4 40.
b4 Qf5 41. a8=Q Qf4+ 42. g3 1-0

[Event "XLVI Festival A"]
[Site "Imperia ITA"]
[Date "2004.09.08"]
[Round "4"]
[White "Cirabisi, Federico"]
[Black "Pisk, Petr"]
[WhiteElo "2106"]
[BlackElo "2344"]
[Result "0-1"]
[PlyCount "67"]
[EventDate "2004.09.05"]

1. d4 d5 2. e3 Nf6 3. Bd3 g6 4. Nd2 Bg7 5. Ngf3 Bf5 6. Bxf5 gxf5 7. Ne5 Nfd7 8.
f4 e6 9. O-O c5 10. Qh5 Nxe5 11. fxe5 cxd4 12. e4 dxe4 13. Nxe4 Bxe5 14. Bg5
Qd5 15. Rae1 h6 16. Rxf5 hxg5 17. Qxf7+ Kd8 18. Nxg5 Bxh2+ 19. Kh1 Bg3+ 20. Kg1
Bh2+ 21. Kh1 Qxf5 22. Nxe6+ Qxe6 23. Rxe6 Nd7 24. g3 Bxg3+ 25. Kg2 Bh4 26. Rd6
Be7 27. Rxd4 Rc8 28. Qd5 Rxc2+ 29. Kf3 Rh3+ 30. Kg4 Rh4+ 31. Kf3 Rh3+ 32. Kg4
Rh4+ 33. Kf3 Rxd4 34. Qxd4 0-1

[Event "XLVI Festival A"]
[Site "Imperia ITA"]
[Date "2004.09.08"]
[Round "4"]
[White "Di Paolo, Raffaele"]
[Black "Likavsky, Tomas"]
[WhiteElo "2321"]
[BlackElo "2482"]
[Result "0-1"]
[PlyCount "55"]
[EventDate "2004.09.05"]

1. e4 c5 2. Nf3 e6 3. d4 cxd4 4. Nxd4 a6 5. Nc3 b5 6. Bd3 d6 7. O-O Nf6 8. a3
Bb7 9. f4 g6 10. Kh1 Bg7 11. f5 gxf5 12. Bg5 Rg8 13. Qe2 Bh8 14. Nf3 Nbd7 15.
Bxf6 Nxf6 16. exf5 e5 17. Rae1 Qc7 18. a4 b4 19. Na2 Kf8 20. Bc4 d5 21. Bb3 e4
22. Qd2 a5 23. Ng5 Ng4 24. g3 e3 25. Nxh7+ Kg7 26. f6+ Kxh7 27. Qd3+ Rg6 28.
Rf3 0-1

[Event "XLVI Festival A"]
[Site "Imperia ITA"]
[Date "2004.09.08"]
[Round "4"]
[White "Feistenauer, Harald"]
[Black "Krouzel, Jaroslav"]
[WhiteElo "2082"]
[BlackElo "2117"]
[Result "1-0"]
[PlyCount "68"]
[EventDate "2004.09.05"]

1. c4 f5 2. Nc3 Nf6 3. Nf3 d6 4. g3 e5 5. d3 Be7 6. Bg2 O-O 7. O-O Nc6 8. Rb1
a5 9. a3 Qe8 10. b4 axb4 11. axb4 Qh5 12. b5 Nd8 13. Ne1 f4 14. e3 fxg3 15.
fxg3 Bg4 16. Qd2 Rb8 17. Nd5 Nxd5 18. Rxf8+ Bxf8 19. Bxd5+ Kh8 20. d4 Ne6 21.
Bb2 Ng5 22. h4 Qg6 23. Rc1 Ne4 24. Qg2 Nf6 25. dxe5 dxe5 26. Bxe5 Bc5 27. Bd4
Bd6 28. e4 Nh5 29. e5 Be7 30. Be4 Qh6 31. Rc3 Rf8 32. Bxb7 Bxh4 33. gxh4 Nf4
34. Qxg4 Ng6 1-0

[Event "XLVI Festival A"]
[Site "Imperia ITA"]
[Date "2004.09.08"]
[Round "4"]
[White "Fornaro, Alberto"]
[Black "Faraci, Antonino"]
[WhiteElo "2002"]
[BlackElo "2078"]
[Result "1-0"]
[PlyCount "101"]
[EventDate "2004.09.05"]

1. e4 c5 2. f4 Nc6 3. Nf3 e6 4. Bb5 Qc7 5. Bxc6 Qxc6 6. d3 d6 7. O-O Be7 8. Nc3
Nf6 9. Qe1 b5 10. e5 Nd7 11. Qg3 g6 12. Bd2 d5 13. Rae1 b4 14. Nd1 Bb7 15. Qh3
h5 16. Ng5 Bxg5 17. fxg5 O-O 18. Nf2 Kg7 19. Re3 Rh8 20. Qg3 Raf8 21. Rf3 Qc7
22. d4 a5 23. c3 Qb6 24. Be3 c4 25. Nd1 Rh7 26. Bd2 Kg8 27. Qe1 bxc3 28. Bxc3
Ra8 29. R1f2 Qc7 30. Qf1 Nb8 31. h4 Nc6 32. Ne3 Qd7 33. g4 Rg7 34. Rf6 Rd8 35.
Rd2 Qc7 36. Qd1 Rh7 37. gxh5 Rxh5 38. Qe1 Kg7 39. Ng4 Rh7 40. Nh6 Rd7 41. Rdf2
Kh8 42. Qf1 Nxe5 43. dxe5 d4 44. Rxg6 Rg7 45. Rxg7 Kxg7 46. Bxd4 Qc6 47. Rxf7+
Kg6 48. h5+ Kxh5 49. Qh3+ Kg6 50. Rf6+ Kg7 51. Nf5+ 1-0

[Event "XLVI Festival A"]
[Site "Imperia ITA"]
[Date "2004.09.08"]
[Round "4"]
[White "Fossati, Remigio"]
[Black "Jandecka, Tomas"]
[WhiteElo "2104"]
[BlackElo "2150"]
[Result "0-1"]
[PlyCount "56"]
[EventDate "2004.09.05"]

1. e4 d5 2. exd5 Nf6 3. d4 Nxd5 4. c4 Nb4 5. a3 N4c6 6. Be3 e5 7. d5 Ne7 8. Nf3
Nf5 9. Nc3 Nxe3 10. fxe3 Bg4 11. Be2 Bxf3 12. gxf3 Qh4+ 13. Kd2 Qh6 14. Qa4+
Nd7 15. b4 Be7 16. Bd3 Qh3 17. Rag1 Qxf3 18. Be2 Qf6 19. Rg2 a6 20. Rf1 Qh6 21.
c5 Rd8 22. Rfg1 g6 23. d6 cxd6 24. Nd5 dxc5 25. Bg4 b5 26. Qxa6 Nf6 27. Qxb5+
Kf8 28. Ke2 Nxd5 0-1

[Event "XLVI Festival A"]
[Site "Imperia ITA"]
[Date "2004.09.08"]
[Round "4"]
[White "Geenen, Marc"]
[Black "Biolek, Richard sr"]
[WhiteElo "2312"]
[BlackElo "2451"]
[Result "1/2-1/2"]
[PlyCount "41"]
[EventDate "2004.09.05"]

1. e4 e5 2. Nf3 Nc6 3. Bc4 Bc5 4. c3 Nf6 5. d4 exd4 6. cxd4 Bb4+ 7. Bd2 Nxe4 8.
Bxb4 Nxb4 9. Bxf7+ Kxf7 10. Qb3+ d5 11. Ne5+ Ke6 12. Qxb4 Qf8 13. Qxf8 Rxf8 14.
f3 Nd6 15. Nc3 Nf5 16. O-O-O c6 17. Rhe1 Kd6 18. f4 Nh6 19. g3 Bf5 20. Rd2 Rae8
21. Rde2 1/2-1/2

[Event "XLVI Festival A"]
[Site "Imperia ITA"]
[Date "2004.09.08"]
[Round "4"]
[White "Gentile, Claudio"]
[Black "Cugini, Verter"]
[WhiteElo "2137"]
[BlackElo "2219"]
[Result "0-1"]
[PlyCount "58"]
[EventDate "2004.09.05"]

1. c4 e5 2. Nc3 c5 3. e4 Nc6 4. d3 a6 5. Nd5 Nge7 6. Nf3 d6 7. Be2 Bg4 8. O-O
Bxf3 9. Bxf3 Nxd5 10. cxd5 Nd4 11. Be3 Be7 12. Bg4 O-O 13. Bxd4 cxd4 14. f4
exf4 15. Qb3 b5 16. Qb4 Bf6 17. Rxf4 Be5 18. Rf3 Qh4 19. h3 h5 20. Bd7 Ra7 21.
Bc6 g6 22. Qa3 g5 23. Bxb5 g4 24. Rf2 Qg3 25. Kf1 gxh3 26. gxh3 Qxh3+ 27. Rg2+
Kh8 28. Kf2 Qe3+ 29. Kf1 f5 0-1

[Event "XLVI Festival A"]
[Site "Imperia ITA"]
[Date "2004.09.08"]
[Round "4"]
[White "Giordani, Marco"]
[Black "Blasco, Domenico"]
[WhiteElo "2156"]
[BlackElo "2033"]
[Result "1-0"]
[PlyCount "107"]
[EventDate "2004.09.05"]

1. d4 Nf6 2. c4 c5 3. d5 b5 4. cxb5 a6 5. f3 Qa5+ 6. Bd2 Qxb5 7. Bc3 d6 8. e4
Qb7 9. Nd2 Nbd7 10. Qa4 e6 11. dxe6 fxe6 12. Nh3 h6 13. Nf4 Kf7 14. h4 d5 15.
exd5 Nxd5 16. Bd3 Nxc3 17. bxc3 Qc7 18. Bg6+ Kg8 19. O-O Nf6 20. Rfe1 Bd7 21.
Qc4 Qd6 22. Nxe6 Bb5 23. Qf4 Qxf4 24. Nxf4 Bd6 25. Ne6 Bg3 26. Red1 Be8 27. Bc2
Bf7 28. Nxc5 Rc8 29. Nxa6 Rxc3 30. Rac1 Ra3 31. Ne4 Bf4 32. Rd8+ Ne8 33. Re1
Rxa6 34. Nc5 Rd6 35. Rexe8+ Bxe8 36. Rxe8+ Kf7 37. Rxh8 Be3+ 38. Kf1 Bxc5 39.
Bb3+ Kf6 40. Rf8+ Kg6 41. Bc2+ Kh5 42. Rf5+ Kxh4 43. Rxc5 Kg3 44. Re5 Rd2 45.
Re2 Rd5 46. a4 Rh5 47. Kg1 Rc5 48. Re4 h5 49. Re2 Rc3 50. Kf1 Ra3 51. Ke1 h4
52. Re4 Kxg2 53. Rxh4 Ra2 54. Bd1 1-0

[Event "XLVI Festival A"]
[Site "Imperia ITA"]
[Date "2004.09.08"]
[Round "4"]
[White "Jurek, Josef"]
[Black "Maksimenko, Andrei"]
[WhiteElo "2387"]
[BlackElo "2524"]
[Result "0-1"]
[PlyCount "58"]
[EventDate "2004.09.05"]

1. c4 Nf6 2. Nf3 c5 3. Nc3 d5 4. cxd5 Nxd5 5. g3 Nc6 6. Bg2 Nc7 7. a3 e5 8. b4
f6 9. bxc5 Bxc5 10. O-O O-O 11. e3 Be6 12. d4 exd4 13. Na4 Bb6 14. Nxb6 axb6
15. Nxd4 Nxd4 16. exd4 Bd5 17. Bh3 Re8 18. Rb1 Bc6 19. Qb3+ Kh8 20. Bb2 Ra5 21.
d5 Rb5 22. Qc4 Rxd5 23. Rfe1 Rxe1+ 24. Rxe1 Rd1 25. Bc3 Nb5 26. Bf1 Nd4 27.
Rxd1 Nf3+ 28. Kg2 Qxd1 29. Be2 Qg1+ 0-1

[Event "XLVI Festival A"]
[Site "Imperia ITA"]
[Date "2004.09.08"]
[Round "4"]
[White "Kalod, Radek"]
[Black "Payen, Arnaud"]
[WhiteElo "2461"]
[BlackElo "2400"]
[Result "1-0"]
[PlyCount "61"]
[EventDate "2004.09.05"]

1. e4 e5 2. Nf3 d6 3. d4 exd4 4. Nxd4 Nf6 5. Nc3 Be7 6. Nde2 c6 7. a4 O-O 8. g3
d5 9. exd5 Bb4 10. Bg2 Nxd5 11. O-O Nxc3 12. Nxc3 Qxd1 13. Rxd1 Bxc3 14. bxc3
Bf5 15. Ba3 Re8 16. Rdb1 Bxc2 17. Rxb7 a5 18. Bd6 Rd8 19. Bc7 Rc8 20. Ra2 Bd1
21. h4 h5 22. Ra1 Bc2 23. Bf4 Na6 24. Rb2 Bf5 25. Be3 Bd7 26. Rb7 Be8 27. Bf3
g6 28. Bb6 Rcb8 29. Rxb8 Nxb8 30. Re1 Kf8 31. Bc5+ 1-0

[Event "XLVI Festival A"]
[Site "Imperia ITA"]
[Date "2004.09.08"]
[Round "4"]
[White "Korneev, Oleg"]
[Black "Sarmir, Milos"]
[WhiteElo "2587"]
[BlackElo "2153"]
[Result "1-0"]
[PlyCount "67"]
[EventDate "2004.09.05"]

1. e4 e5 2. Nf3 Nc6 3. Bb5 a6 4. Bc4 Nf6 5. O-O Be7 6. Re1 b5 7. Bb3 d6 8. c3
O-O 9. h3 Na5 10. Bc2 c5 11. d4 Qc7 12. Nbd2 Bd7 13. Nf1 Rac8 14. Ne3 Rfe8 15.
d5 g6 16. b3 Nh5 17. Ng4 Bxg4 18. hxg4 Ng7 19. Bh6 Nb7 20. a4 b4 21. Bd3 Ra8
22. Rc1 bxc3 23. Rxc3 Qd7 24. Nd2 Rec8 25. Qe2 a5 26. Bb5 Qc7 27. Rh3 f6 28. g3
Nd8 29. Kg2 Nf7 30. Reh1 Nxh6 31. Rxh6 Nh5 32. gxh5 g5 33. Nc4 Kg7 34. Ne3 1-0

[Event "XLVI Festival A"]
[Site "Imperia ITA"]
[Date "2004.09.08"]
[Round "4"]
[White "Mozny, Milos"]
[Black "Schwanengel, Ulrich"]
[WhiteElo "2376"]
[BlackElo "2074"]
[Result "1-0"]
[PlyCount "69"]
[EventDate "2004.09.05"]

1. d4 Nf6 2. g3 e6 3. Nf3 c5 4. c4 cxd4 5. Nxd4 Nc6 6. Nxc6 dxc6 7. Qc2 Bc5 8.
Bg2 O-O 9. O-O Qe7 10. a3 a5 11. Nc3 e5 12. Na4 Be6 13. Nxc5 Qxc5 14. b3 Qe7
15. Qc3 Nd7 16. Rd1 f6 17. Be3 a4 18. b4 Rac8 19. Rd2 Qf7 20. Rc1 Rc7 21. Rd6
Rfc8 22. Qd2 Nf8 23. Bb6 Rd7 24. c5 Rxd6 25. cxd6 Nd7 26. Bc7 Bc4 27. Qe3 Ba6
28. Qa7 Rf8 29. Bxc6 bxc6 30. Qxa6 Qb3 31. Qxc6 Qxa3 32. Rf1 Rf7 33. b5 Qb2 34.
Qa8+ Nf8 35. b6 1-0

[Event "XLVI Festival A"]
[Site "Imperia ITA"]
[Date "2004.09.08"]
[Round "4"]
[White "Poloch, Petr"]
[Black "Spinelli, Doriano"]
[WhiteElo "2291"]
[BlackElo "2144"]
[Result "1-0"]
[PlyCount "87"]
[EventDate "2004.09.05"]

1. e4 d5 2. exd5 Nf6 3. d4 Bg4 4. Nf3 Qxd5 5. Be2 Nc6 6. h3 Bh5 7. O-O e6 8.
Be3 a6 9. c4 Qd7 10. Qb3 Na5 11. Qc2 Bg6 12. Qc1 Nc6 13. Rd1 Qc8 14. Nc3 Bb4
15. d5 exd5 16. Nxd5 Nxd5 17. cxd5 Ne7 18. Bc5 Bxc5 19. Qxc5 b6 20. Qc3 O-O 21.
Rac1 Ra7 22. Ne5 Rd8 23. Bg4 Qa8 24. Bf3 Qc8 25. Qb4 Rd6 26. Nc4 Qd8 27. Nxd6
cxd6 28. Rc3 h6 29. Rdc1 Kh7 30. h4 a5 31. Qf4 Kg8 32. h5 Bf5 33. g4 Bc8 34.
Be4 f6 35. Bd3 Ba6 36. Bf5 Kf8 37. Be6 b5 38. Qe4 f5 39. Rf3 Rc7 40. Rxc7 Qxc7
41. Bxf5 Nxf5 42. Rxf5+ Kg8 43. Qe6+ Kh7 44. Rf8 1-0

[Event "XLVI Festival A"]
[Site "Imperia ITA"]
[Date "2004.09.08"]
[Round "4"]
[White "Schacher, Gerd"]
[Black "Bianchi, Alberto"]
[WhiteElo "2246"]
[BlackElo "2052"]
[Result "1-0"]
[PlyCount "53"]
[EventDate "2004.09.05"]

1. c4 Nf6 2. Nc3 d5 3. cxd5 Nxd5 4. g3 c6 5. Bg2 e6 6. Nf3 Be7 7. O-O O-O 8. d4
Nd7 9. e4 Nxc3 10. bxc3 Nf6 11. Qe2 b5 12. a4 a5 13. Ne5 Qb6 14. Bg5 h6 15.
Bxf6 Bxf6 16. Nxc6 bxa4 17. e5 Ba6 18. c4 Bd8 19. Rfb1 Qc7 20. Qc2 f6 21. Qxa4
fxe5 22. Nxe5 Rc8 23. Bh3 Rf6 24. Qe8+ Kh7 25. Bxe6 Rxe6 26. Qxe6 Bf6 27. Qxa6
1-0

[Event "XLVI Festival A"]
[Site "Imperia ITA"]
[Date "2004.09.08"]
[Round "4"]
[White "Seigert, Frank"]
[Black "Taborska, Veronika"]
[WhiteElo "2043"]
[BlackElo "2089"]
[Result "0-1"]
[PlyCount "52"]
[EventDate "2004.09.05"]

1. d4 d5 2. Nf3 Nf6 3. g3 e6 4. Bg2 c5 5. O-O Nc6 6. Bg5 h6 7. Bxf6 Qxf6 8. Nc3
Bd7 9. dxc5 Bxc5 10. e4 d4 11. Na4 Bb4 12. c3 dxc3 13. bxc3 Be7 14. Rb1 Rd8 15.
Qe2 Ne5 16. Nb2 O-O 17. Nd4 Bc5 18. Nc4 Bc8 19. Nb3 Nxc4 20. Qxc4 Bb6 21. a4
Qe7 22. Rbd1 e5 23. Qb4 Qf6 24. Nd2 Bg4 25. c4 Bxd1 26. c5 Bxc5 0-1

[Event "XLVI Festival A"]
[Site "Imperia ITA"]
[Date "2004.09.08"]
[Round "4"]
[White "Simacek, Pavel"]
[Black "Van Hoolandt, Patrick"]
[WhiteElo "2439"]
[BlackElo "2245"]
[Result "1-0"]
[PlyCount "57"]
[EventDate "2004.09.05"]

1. e4 e5 2. f4 exf4 3. Bc4 Nf6 4. Nc3 Nc6 5. Nf3 Bb4 6. e5 Ng4 7. O-O O-O 8. d4
d6 9. exd6 Bxd6 10. Ne4 Bf5 11. Nfg5 Bxe4 12. Nxe4 Qh4 13. h3 Ne3 14. Bxe3 fxe3
15. Nxd6 cxd6 16. c3 Rae8 17. Qe2 Re7 18. Rf3 Qg5 19. Re1 Rfe8 20. Ref1 Nd8 21.
Rf5 Qg3 22. R1f4 Re4 23. Rf3 Qh4 24. Rxf7 Ne6 25. Bd5 h6 26. g3 Qxh3 27. Bxe4
Ng5 28. Bd5 Nxf3+ 29. Qxf3 1-0

[Event "XLVI Festival A"]
[Site "Imperia ITA"]
[Date "2004.09.08"]
[Round "4"]
[White "Unterfrauner, Albert"]
[Black "Musil, Vitezslav"]
[WhiteElo "2167"]
[BlackElo "2113"]
[Result "1/2-1/2"]
[PlyCount "56"]
[EventDate "2004.09.05"]

1. Nf3 Nf6 2. c4 g6 3. g3 Bg7 4. Bg2 O-O 5. O-O d6 6. Nc3 e5 7. d4 Nbd7 8. b3
c6 9. Bb2 Re8 10. e4 a5 11. dxe5 dxe5 12. Ba3 Bf8 13. Bxf8 Kxf8 14. Qd2 Kg7 15.
Rad1 Qe7 16. Nh4 Ng8 17. f4 exf4 18. Qxf4 Ne5 19. h3 f6 20. Rd2 Be6 21. Nf3
Qc5+ 22. Kh1 Nxf3 23. Qxf3 Rad8 24. Rfd1 Rxd2 25. Rxd2 Qe5 26. Ne2 Nh6 27. Nf4
Nf7 28. Qf2 Qc7 1/2-1/2

[Event "XLVI Festival A"]
[Site "Imperia ITA"]
[Date "2004.09.08"]
[Round "4"]
[White "Voloshin, Leonid"]
[Black "Maier, Christian"]
[WhiteElo "2494"]
[BlackElo "2356"]
[Result "1/2-1/2"]
[PlyCount "35"]
[EventDate "2004.09.05"]

1. Nf3 c5 2. e4 e6 3. b3 Nc6 4. Bb2 Nge7 5. Bb5 Ng6 6. Bxc6 bxc6 7. e5 Be7 8.
Na3 f6 9. Nc4 O-O 10. O-O Qe8 11. d3 fxe5 12. Nfxe5 d6 13. Nxg6 Qxg6 14. f4 Bd7
15. Qd2 Rf7 16. Rf3 Raf8 17. Raf1 e5 18. Kh1 1/2-1/2

[Event "XLVI Festival A"]
[Site "Imperia ITA"]
[Date "2004.09.08"]
[Round "5"]
[White "Bianchi, Alberto"]
[Black "Barlocco, Carlo"]
[WhiteElo "2052"]
[BlackElo "2148"]
[Result "0-1"]
[PlyCount "84"]
[EventDate "2004.09.05"]

1. e4 c5 2. Nf3 e6 3. Nc3 a6 4. d4 cxd4 5. Nxd4 Qb6 6. Nb3 Nc6 7. Be3 Qc7 8.
Qd2 Nf6 9. a3 Be7 10. f3 O-O 11. g4 Ne5 12. Be2 b5 13. g5 Nh5 14. f4 Nc4 15.
Bxc4 bxc4 16. Nd4 Bb7 17. Rg1 e5 18. fxe5 Qxe5 19. Rg4 Rfe8 20. O-O-O Bf8 21.
Rf1 d5 22. Rf5 Qc7 23. Nxd5 Bxd5 24. Rxd5 Rab8 25. Nf5 Rxb2 26. Bd4 Ra2 27. Qf2
c3 28. Kd1 Ra1+ 29. Ke2 Qc4+ 30. Kf3 Rf1 31. Ne3 Rxf2+ 32. Kxf2 Qc7 33. e5 g6
34. Re4 f5 35. gxf6 Nxf6 36. Rf4 Nd7 37. Ng4 Bg7 38. Re4 h5 39. Ne3 Nf6 40.
exf6 Rxe4 41. fxg7 Qf4+ 42. Ke2 Rxd4 0-1

[Event "XLVI Festival A"]
[Site "Imperia ITA"]
[Date "2004.09.08"]
[Round "5"]
[White "Cugini, Verter"]
[Black "Di Paolo, Raffaele"]
[WhiteElo "2219"]
[BlackElo "2321"]
[Result "0-1"]
[PlyCount "42"]
[EventDate "2004.09.05"]

1. e4 c5 2. g3 g6 3. Bg2 Bg7 4. Ne2 Nc6 5. O-O d6 6. d3 Rb8 7. c3 e6 8. d4 Nge7
9. dxc5 dxc5 10. Qxd8+ Nxd8 11. Be3 b6 12. f4 Ba6 13. Kf2 Ndc6 14. a4 O-O 15.
Na3 Rfd8 16. Rfd1 Na5 17. Nb5 Nc4 18. b3 Nb2 19. Rd6 Bxb5 20. Rxd8+ Rxd8 21.
axb5 Nd1+ 0-1

[Event "XLVI Festival A"]
[Site "Imperia ITA"]
[Date "2004.09.08"]
[Round "5"]
[White "Faraci, Antonino"]
[Black "Seigert, Frank"]
[WhiteElo "2078"]
[BlackElo "2043"]
[Result "0-1"]
[PlyCount "148"]
[EventDate "2004.09.05"]

1. e4 e6 2. d4 d5 3. Nc3 Bb4 4. e5 c5 5. a3 Bxc3+ 6. bxc3 Ne7 7. h4 Qc7 8. Rh3
Nbc6 9. a4 a6 10. h5 Bd7 11. g4 f6 12. h6 fxe5 13. hxg7 Rg8 14. Rxh7 exd4 15.
cxd4 Nxd4 16. f4 O-O-O 17. c3 Ndc6 18. Qf3 Be8 19. Bd3 Bg6 20. Bxg6 Nxg6 21. f5
Nge5 22. Qg3 Rxg7 23. Rxg7 Qxg7 24. Bf4 exf5 25. gxf5 Qxg3+ 26. Bxg3 Rf8 27.
O-O-O Rxf5 28. Rxd5 c4 29. Kc2 Rg5 30. Ne2 Nf3 31. Rxg5 Nxg5 32. Bf4 Ne4 33.
Ng3 Nxg3 34. Bxg3 Ne7 35. Kb2 Nd5 36. Be5 Kd7 37. Bd4 Ke6 38. Bg7 Kf5 39. a5
Ke4 40. Kc2 Ne3+ 41. Kd2 Nf5 42. Bf6 Kd5 43. Kc2 Kc6 44. Kb2 b6 45. axb6 Kxb6
46. Ka3 Kb5 47. Bg5 Nd6 48. Bf4 Nf7 49. Be3 Nd8 50. Bg5 Nc6 51. Bf6 Kc5 52. Bg7
Kd5 53. Kb2 Ke4 54. Kc2 Na7 55. Bf8 Nb5 56. Bb4 Ke3 57. Ba5 Ke2 58. Bb4 Nc7 59.
Ba5 Nd5 60. Bb4 Ne3+ 61. Kc1 Kd3 62. Ba5 Nd5 63. Kb2 Kd2 64. Bd8 Ne3 65. Ba5
Nd1+ 66. Ka3 Kd3 67. Bb4 Nxc3 68. Ba5 Nd5 69. Bd8 c3 70. Bh4 c2 71. Kb2 Kd2 72.
Bg5+ Kd1 73. Bh6 Nf6 74. Bf4 Ne4 0-1

[Event "XLVI Festival A"]
[Site "Imperia ITA"]
[Date "2004.09.08"]
[Round "5"]
[White "Feistenauer, Harald"]
[Black "Giordani, Marco"]
[WhiteElo "2082"]
[BlackElo "2156"]
[Result "1/2-1/2"]
[PlyCount "67"]
[EventDate "2004.09.05"]

1. c4 Nf6 2. g3 e6 3. Bg2 c5 4. Nf3 Be7 5. O-O O-O 6. Nc3 a6 7. b3 d6 8. Bb2
Nbd7 9. d4 cxd4 10. Nxd4 Qc7 11. e4 Ne5 12. Qe2 Bd7 13. Rac1 Rac8 14. Rfd1 Qb8
15. f4 Nc6 16. Nc2 Rfd8 17. Kh1 Be8 18. g4 Bf8 19. g5 Nd7 20. Rd3 Be7 21. Rh3
Nf8 22. Qg4 b5 23. cxb5 axb5 24. Ne3 f6 25. Rf1 fxg5 26. fxg5 Ne5 27. Qg3 Nd3
28. Ncd5 exd5 29. Nxd5 Qa7 30. Nxe7+ Qxe7 31. Qxd3 Ng6 32. Qg3 Rc5 33. Qd3 Rxg5
34. Qd4 1/2-1/2

[Event "XLVI Festival A"]
[Site "Imperia ITA"]
[Date "2004.09.08"]
[Round "5"]
[White "Jandecka, Tomas"]
[Black "Zanetti, Alberto"]
[WhiteElo "2150"]
[BlackElo "2191"]
[Result "1/2-1/2"]
[PlyCount "72"]
[EventDate "2004.09.05"]

1. e4 c5 2. Nc3 e6 3. g3 d5 4. exd5 exd5 5. d4 cxd4 6. Qxd4 Nf6 7. Bg5 Be7 8.
Bb5+ Nc6 9. Bxf6 Bxf6 10. Qc5 Bxc3+ 11. Qxc3 O-O 12. O-O-O Be6 13. Ne2 Qb6 14.
Bxc6 Qxc6 15. Qxc6 bxc6 16. Nd4 c5 17. Nxe6 fxe6 18. f4 Rab8 19. Rhe1 Rb6 20.
Re5 g6 21. c4 Rfb8 22. Rd2 dxc4 23. Rxc5 R8b7 24. Rxc4 Kf7 25. Rc5 Ke7 26. b3
Rb5 27. Rxb5 Rxb5 28. Kc2 g5 29. fxg5 Rxg5 30. Kc3 e5 31. a4 Ke6 32. Kc4 Rg7
33. b4 Rc7+ 34. Kd3 Rd7+ 35. Ke3 Rc7 36. Rb2 Rc3+ 1/2-1/2

[Event "XLVI Festival A"]
[Site "Imperia ITA"]
[Date "2004.09.08"]
[Round "5"]
[White "Krouzel, Jaroslav"]
[Black "Fornaro, Alberto"]
[WhiteElo "2117"]
[BlackElo "2002"]
[Result "1-0"]
[PlyCount "51"]
[EventDate "2004.09.05"]

1. d4 f5 2. e4 fxe4 3. Nc3 Nf6 4. Bg5 e6 5. Nxe4 Be7 6. Bxf6 Bxf6 7. Qh5+ g6 8.
Qh6 d5 9. Nxf6+ Qxf6 10. Nf3 Bd7 11. O-O-O Nc6 12. Bb5 Ne7 13. Bxd7+ Kxd7 14.
Ne5+ Kd6 15. Rhe1 Nc6 16. Qe3 Ke7 17. Nd3 Nd8 18. Re2 Kf8 19. Qh3 h5 20. Rde1
Kf7 21. Qg3 c6 22. Ne5+ Kg7 23. Re3 Nf7 24. Rf3 Qg5+ 25. Kb1 Qxg3 26. Rxf7+ 1-0

[Event "XLVI Festival A"]
[Site "Imperia ITA"]
[Date "2004.09.08"]
[Round "5"]
[White "Likavsky, Tomas"]
[Black "Voloshin, Leonid"]
[WhiteElo "2482"]
[BlackElo "2494"]
[Result "1-0"]
[PlyCount "109"]
[EventDate "2004.09.05"]

1. d4 d5 2. Nf3 c6 3. c4 dxc4 4. e3 Bg4 5. Bxc4 e6 6. Qb3 Qb6 7. Ne5 Qxb3 8.
Bxb3 Bf5 9. Nc3 Nf6 10. f3 Nfd7 11. e4 Bg6 12. Nxg6 hxg6 13. Bf4 a6 14. Bc7 Be7
15. e5 Bd8 16. Bd6 Nb6 17. Ne4 Nc8 18. O-O Be7 19. Bxe7 Kxe7 20. f4 Nd7 21. Rf3
Ncb6 22. g4 f5 23. gxf5 gxf5 24. Nd6 Rab8 25. Rg3 Rh7 26. Rc1 Nf8 27. a4 g6 28.
a5 Nc8 29. Nc4 Rh4 30. Rf1 Na7 31. Ba4 Rd8 32. Rb3 Nb5 33. Bxb5 axb5 34. Nd6
Rxd6 35. exd6+ Kxd6 36. Kg2 Rh7 37. Rh3 Rd7 38. Rh8 Ke7 39. Rd1 c5 40. Rh3 cxd4
41. Re1 d3 42. Rd1 d2 43. Kf2 Rd4 44. Rb3 b4 45. Ke3 e5 46. fxe5 Rh4 47. Kxd2
Rxh2+ 48. Kc1 Rh4 49. Rd5 Ne6 50. Rb5 Rh1+ 51. Kd2 Nd8 52. R3xb4 g5 53. Rd5 g4
54. Rd6 Rh8 55. Rb3 1-0

[Event "XLVI Festival A"]
[Site "Imperia ITA"]
[Date "2004.09.08"]
[Round "5"]
[White "Maier, Christian"]
[Black "Geenen, Marc"]
[WhiteElo "2356"]
[BlackElo "2312"]
[Result "1/2-1/2"]
[PlyCount "24"]
[EventDate "2004.09.05"]

1. e4 e5 2. Nf3 Nc6 3. Bc4 Bc5 4. d3 Nf6 5. Nc3 d6 6. Na4 Bb6 7. Nxb6 axb6 8.
a3 O-O 9. Bg5 h6 10. Bh4 Be6 11. O-O Bxc4 12. Bxf6 Qxf6 1/2-1/2